Pulp Fiction Quiz - Statistics

General Stats
  • This quiz has been taken 894 times
    884 since last reset
  • The average score is 12 of 31
Answer Stats
Question Answer % Correct
Played by John Travolta Vincent Vega
92%
Mia Wallace ordered what for $5? A shake
86%
Played by Samuel L. Jackson Jules Winnfield
84%
Butch is a what? Boxer
61%
What do they call a quarter pounder with cheese in Paris? Royale with Cheese
58%
What word does Brett say that angers Jules? What
58%
Why do they call it that? Cause of the Metric System
56%
Captain Koons carried what up his ass? The Gold Watch
54%
"Zeds______baby, Zeds______" Dead
52%
Played By Quentin Tarantino Jimmie
50%
Who's motorcycle is it that Butch takes? Zeds
44%
Who was their waiter? Buddy Holly
42%
"God came down from heaven to stop the_________" Bullets
39%
Jules tries a burger from what restaurant? Big Kahuna Burger
37%
The Restaurent where Mia and Vincent go to Jack Rabbit Slims
36%
Jules and Vincent retrieved what from Bretts apartment? The Briefcase
36%
Mr Wolf's first name is? Winston
36%
What does Butch use to kill the man in the shop? A Katana
34%
"Burnt to a crisp or _______________" Bloody as Hell
34%
"The Path of the_______________" Righteous man
33%
Mia Wallace was in a Pilot called what? Fox Force Five
27%
What passage does Jules Recite before killing Brett? Ezekiel 25:17
26%
"Oh man I shot_________" Marvin in the face
24%
Jimmies wife's name is? Bonnie
22%
What song does Mia and Vincent dance to? You Never Can Tell (Chuck Berry)
19%
Their pet names for each other are? Honey Bunny and Pumpkin
18%
Name of Butchs girlfriend Fabienne
17%
Who is the dealer Vincent buys from? Lance
15%
Which Character said "I'mma get Medieval on your ass" Marsellus Wallace
15%
How does Mr. Wolf take his Coffee? Lots of Cream, Lots of Sugar
14%
The names of the diner bandits are? Ringo and Yolanda
9%
No matching quizzes found
Score Distribution
Percent of People with Each Score
Percentile by Number Answered
Your Score History
You have not taken this quiz since the last reset